| 000 | 01048nam a2200265Ia 4500 | ||
|---|---|---|---|
| 003 | OSt | ||
| 005 | 20220923211421.0 | ||
| 006 | a|||||r|||| 00| 0 | ||
| 007 | ta | ||
| 008 | 220922b |||||||| |||| 00| 0 hin d | ||
| 020 |
_a9788192911632 (hbk) _c850 |
||
| 024 | _a325,548 | ||
| 037 |
_b334, 10/02/2018, Eastern Book Linkers _cTextual |
||
| 040 |
_aARTS _cARTS _bhin |
||
| 041 |
_2hin _ahin |
||
| 082 | _aY:1.2, 152Q6 | ||
| 100 | _aजैन, लोकेश, ले. | ||
| 245 | 0 | _aभारतीय संस्कृति एवं प्रभावशाली सम्प्रेषण | |
| 246 | _aBhāratīya sanskṛuti evan prabhāvashālī sampreṣhaṇa | ||
| 260 |
_aअहमदाबाद _b रिलायबल पब्लिशिंग हाउस _c2016 |
||
| 300 |
_a218पृ. _ccm. |
||
| 650 |
_aभारतीय संस्कृति _9157954 |
||
| 942 |
_hY:1.2, 152Q6 _cTEXL _2CC |
||
| 999 |
_c299258 _d299258 |
||